Open Data Biblioteca Nacional de Portugal


República Portuguesa: Ministério da Cultura
Biblioteca Nacional de Portugal

Catálogo da BNP: acesso por Identificadores Unívocos
Registos Bibliográficos associados ao registo de autoridade

Etiqueta de registo: 00530cam 2200217 450
001 1066646
003 http://id.bnportugal.gov.pt/bib/catbnp/1066646
005 20020322161500.0
010 ## $a2-09-190188-1
100 ## $a20010910d1997 m y0pory0103 ba
101 0# $afre
102 ## $aFR
106 ## $ar
200 1# $a Les forêts d'Europe
210 #9 $aParis$cNathan,$d1997
215 ## $a413 p.
225 2# $aSérie géographie
675 ## $a630(4)$vBN$zpor$31034308
700 #1 $aHotyat,$bMicheline$31017459
701 #1 $aArnould,$bPaul$4070$31017460
701 #1 $aSimon,$bLaurent$4070$31017461
966 ## $lBN$mFGMON$sS.A. 99840 V.$x5

OpendataBNP@bnportugal.pt | Mais informação sobre acesso aos dados BNP